| 000 | 01185nam a2200313 a 4500 | ||
|---|---|---|---|
| 001 | vtls001617903 | ||
| 003 | NLI | ||
| 005 | 20210628134002.0 | ||
| 008 | 121214s1925 ii 000 0 hin | ||
| 039 | 9 |
_y201212141926 _zVLOAD |
|
| 040 |
_aNLI _bhineng _cDatasoft_Hindi _eAACR2 |
||
| 041 | 0 | _ahin | |
| 044 | _a ii | ||
| 084 | 0 | 4 | _a181 |
| 100 | 1 |
_6880-01 _aदाधीच, ठाकुरदत्त शर्मा _9679897 |
|
| 245 | 1 | 0 |
_6880-02 _aचारोंधामकी यात्रा / _cठाकुरदत्त शर्मा दाधीच |
| 260 |
_aकलकत्ता : _bदधीचि, _c1925 |
||
| 300 |
_a127 p. ; _c16 cm. |
||
| 650 | 0 |
_aPilgrims and pilgrimages _zIndia _9748763 |
|
| 650 | 0 |
_aDescription and travels _9699100 |
|
| 880 | 1 | 0 |
_6245-02(B _aCāroṁdhāmakī yātrā / _cṬhākuradatta Śarmā Dādhīca |
| 880 | 1 |
_6100-01(B _aDādhīca, Ṭhākuradatta Śarmā |
|
| 887 | _a Abrar Ahmed 01.03.12 (Mita 05.03.2012) | ||
| 901 |
_aIMP775 _b01.03.2012 |
||
| 902 | _a181 Cc 92.6 b | ||
| 904 |
_cAbrar Ahmed 01.03.12 (Mita 05.03.2012) _lO 24 |
||
| 949 |
_AVIRTUAITEM _D10000 _X100 _6IMP000000775HIN |
||
| 942 |
_2ddc _cBKS |
||
| 999 |
_aVIRTUA40 _c1069646 _d1069646 |
||